| 000 | 00947nam a2200265Ia 4500 | ||
|---|---|---|---|
| 003 | GCL | ||
| 008 | 140319s9999 xx 000 0 ara d | ||
| 040 |
_aGCL / _cGCL |
||
| 082 | 0 | 4 |
_a346.086 _bم ت |
| 100 | 1 | _aمعهد البحوث والدراسات العربية | |
| 245 | 1 | 0 |
_aالتامينات الاجتماعية فىالبلاد العربية / _cمعهد البحوث والدراسات العربية |
| 700 | 1 | _aمحمد حلمى مراد | |
| 260 |
_a[S.N] : _bمعهد البحوث والدراسات العربية ، _c1972 |
||
| 300 | _a191 ص | ||
| 490 | _a | ||
| 650 | 0 | 4 | _aالقانون |
| 650 | 0 | 4 | _aمصر |
| 650 | 0 | 4 | _aقوانين وتشريعات |
| 650 | 0 | 4 | _aالتأمينات الاجتماعية |
| 650 | 0 | 4 | _aالتأمين الاجتماعى |
| 650 | 0 | 4 | _aالتأمين الصحى |
| 650 | 0 | 4 | _aالتأمين على الحياة |
| 650 | 0 | 4 | _aمعاشات الشيخوخة |
| 942 |
_2ddc _cBK |
||
| 999 |
_c55981 _d55981 |
||